Comuni sopra i 100K abitanti - Morte improvvisa - Statistics

Statistiche generali
  • Questo quiz è stato fatto 98 volte
  • Il punteggio medio è 4 su 16
Answers on the Grid
Answers color-coded by a green-red scale on the quiz's grid according to % correct below.
Alessandria
Ancona
Andria
Arezzo
Barletta
Bergamo
Bolzano
Busto Arsizio
Cesena
Ferrara
Forlì
Giugliano in Campania
Guidonia Montecelio
La Spezia
Latina
Lecce
Lucca
Monza
Novara
Pesaro
Pescara
Piacenza
Pisa
Pistoia
Salerno
Sassari
Siracusa
Terni
Trento
Treviso
Udine
Vicenza
 
Statistiche sulle risposte
Risposta % Corretto
Bergamo
56%
Monza
44%
Giugliano in Campania
36%
Salerno
36%
Trento
36%
Bolzano
33%
Vicenza
31%
Ferrara
27%
Pescara
27%
Latina
22%
Forlì
18%
Sassari
18%
Novara
16%
Piacenza
13%
Siracusa
11%
Terni
4%
Nessun quiz corrispondente trovato
Distribuzione punteggi
Percentuale di utenti per punteggio
Percentile per numero di risposta
I tuoi punteggi nel tempo
Non hai fatto questo quiz